000 00468nam a2200169Ia 4500
008 220204s9999 xx 000 0 und d
082 _a577.1:546.22
_bROY
100 _aROY, A B
245 0 _aBiochemistry of inorganic compounds of sulphur
260 _aCambridge
_bCambridge University
_c1970
650 _aBiochemistry
650 _aSulpho transferases
650 _aSulphur compound
650 _aSulphur metabolism
700 _aTRUDINGER, P A
942 _cBK
999 _c23042
_d23042